000 00559nam a2200217Ia 4500
003 OSt
005 20220928140552.0
006 a|||||r|||| 00| 0
007 ta
008 220927b |||||||| |||| 00| 0 eng d
024 _a9444
037 _cTextual
040 _aSDCL
_cSDCL
_beng
041 _2eng
_aeng
082 _aD6,8(B2895),3, N7
100 _aMarrin Chris Ed.
_9495916
245 0 _aTeach yourself VRML 2 in 21 days
260 _c1997
942 _hD6,8(B2895),3, N7
_cTEXL
_2CC
999 _c812163
_d812163